[Event "U12-U20 French Championships"]
[Site "chess24.com"]
[Date "2019.04.14"]
[Round "1"]
[White "Maugenest, Ghislain"]
[Black "Mathez, Florian"]
[Result "1-0"]
[Board "29"]
[WhiteElo "2167"]
[WhiteCountry "FRA"]
[WhiteFideId "36029483"]
[WhiteEloChange "2"]
[BlackElo "1784"]
[BlackCountry "FRA"]
[BlackFideId "45100020"]
[BlackEloChange "-2"]

1. d4 {[%clk 1:30:55]} Nf6 {[%clk 1:30:53]} 2. c4 {[%clk 1:31:10]} e6 {[%clk
1:31:14]} 3. Nc3 {[%clk 1:31:14]} Bb4 {[%clk 1:31:33]} 4. Qc2 {[%clk 1:31:06]}
O-O {[%clk 1:31:49]} 5. a3 {[%clk 1:31:13]} Bxc3+ {[%clk 1:32:02]} 6. Qxc3 {[%clk
1:31:21]} d5 {[%clk 1:32:17]} 7. Bg5 {[%clk 1:30:55]} Nbd7 {[%clk 1:17:24]} 8. e3
{[%clk 1:30:24]} c6 {[%clk 1:10:24]} 9. Bd3 {[%clk 1:28:57]} Ne4 {[%clk 1:07:52]}
10. Bxd8 {[%clk 1:29:27]} Nxc3 {[%clk 1:08:22]} 11. Bh4 {[%clk 1:29:57]} Ne4
{[%clk 1:08:52]} 12. f3 {[%clk 1:30:27]} Nef6 {[%clk 1:09:22]} 13. Ne2 {[%clk
1:30:57]} e5 {[%clk 1:09:52]} 14. c5 {[%clk 1:31:27]} Re8 {[%clk 1:10:22]} 15.
Kd2 {[%clk 1:31:57]} b6 {[%clk 1:10:52]} 16. b4 {[%clk 1:32:27]} e4 {[%clk
1:11:22]} 17. Bc2 {[%clk 1:32:57]} Ba6 {[%clk 1:11:52]} 18. Nc3 {[%clk 1:33:27]}
Bc4 {[%clk 1:12:22]} 19. Bg3 {[%clk 1:33:57]} Re6 {[%clk 1:12:52]} 20. Rhb1
{[%clk 1:34:27]} Rae8 {[%clk 1:13:22]} 21. Bf2 {[%clk 1:34:57]} h6 {[%clk
1:13:52]} 22. a4 {[%clk 1:35:27]} Ra8 {[%clk 1:14:22]} 23. h3 {[%clk 1:35:57]} g6
{[%clk 1:14:52]} 24. Ne2 {[%clk 1:36:27]} Bxe2 {[%clk 1:15:22]} 25. Kxe2 {[%clk
1:36:57]} Ree8 {[%clk 1:15:52]} 26. Kd2 {[%clk 1:37:27]} Nh7 {[%clk 1:16:22]} 27.
Bd1 {[%clk 1:37:57]} f5 {[%clk 1:16:52]} 28. Bg3 {[%clk 1:38:27]} Ng5 {[%clk
1:17:22]} 29. Be2 {[%clk 1:38:57]} exf3 {[%clk 1:17:52]} 30. gxf3 {[%clk
1:39:27]} Re6 {[%clk 1:18:22]} 31. h4 {[%clk 1:39:57]} Nf7 {[%clk 1:18:52]} 32.
Rc1 {[%clk 1:40:27]} Rae8 {[%clk 1:19:22]} 33. Ra3 {[%clk 1:40:57]} g5 {[%clk
1:19:52]} 34. hxg5 {[%clk 1:41:27]} hxg5 {[%clk 1:20:22]} 35. b5 {[%clk 1:41:57]}
f4 {[%clk 1:20:52]} 36. Bf2 {[%clk 1:42:27]} bxc5 {[%clk 1:21:22]} 37. dxc5
{[%clk 1:42:57]} Nde5 {[%clk 1:21:52]} 38. b6 {[%clk 1:43:27]} R6e7 {[%clk
1:22:22]} 39. Rb3 {[%clk 1:43:57]} d4 {[%clk 1:22:52]} 40. e4 {[%clk 1:44:27]}
Rd7 {[%clk 1:23:22]} 41. a5 {[%clk 1:44:57]} d3 {[%clk 1:23:52]} 42. Bd1 {[%clk
1:45:27]} a6 {[%clk 1:24:22]} 43. Rb4 {[%clk 1:45:57]} Red8 {[%clk 1:24:52]} 44.
Rcb1 {[%clk 1:46:27]} Kg7 {[%clk 1:25:22]} 45. Kc3 {[%clk 1:46:57]} Rb7 {[%clk
1:25:52]} 46. Bd4 {[%clk 1:47:27]} Kg6 {[%clk 1:26:22]} 47. Ba4 {[%clk 1:47:57]}
Rbd7 {[%clk 1:26:52]} 48. b7 {[%clk 1:48:27]} Rb8 {[%clk 1:27:22]} 49. Rb6 {[%clk
1:48:57]} Nxf3 {[%clk 1:27:52]} 50. Bxc6 {[%clk 1:49:27]} Rxd4 {[%clk 1:28:22]}
51. Bd5+ {[%clk 1:49:57]} Kg7 {[%clk 1:28:52]} 52. c6 {[%clk 1:50:27]} Nd6 {[%clk
1:28:24]} 53. c7 {[%clk 1:50:31]} Rxb7 {[%clk 1:28:34]} 54. Rxb7 {[%clk 1:50:46]}
Kf6 {[%clk 1:28:59]} 55. R7b6 {[%clk 1:51:00]} d2 {[%clk 1:28:33]} 56. Rxd6+
{[%clk 1:50:54]} Kg7 {[%clk 1:28:58]} 57. c8Q {[%clk 1:51:14]} d1Q {[%clk
1:29:23]} 58. Qg8# {[%clk 1:51:34]} 1-0

[Event "U12-U20 French Championships"]
[Site "chess24.com"]
[Date "2019.04.14"]
[Round "1"]
[White "Cornileau, Juliette"]
[Black "Degree, Ombeline"]
[Result "1-0"]
[Board "33"]
[WhiteElo "1705"]
[WhiteCountry "FRA"]
[WhiteFideId "36083372"]
[WhiteEloChange "2"]
[BlackElo "1251"]
[BlackCountry "FRA"]
[BlackFideId "45102104"]
[BlackEloChange "-2"]

1. e4 {[%clk 1:30:53]} e5 {[%clk 1:30:52]} 2. Nf3 {[%clk 1:31:13]} Nc6 {[%clk
1:31:03]} 3. Nc3 {[%clk 1:31:13]} Nf6 {[%clk 1:30:57]} 4. d4 {[%clk 1:31:35]}
exd4 {[%clk 1:30:10]} 5. Nxd4 {[%clk 1:31:58]} Bb4 {[%clk 1:27:06]} 6. Nxc6
{[%clk 1:31:44]} bxc6 {[%clk 1:27:23]} 7. Bd3 {[%clk 1:32:06]} d6 {[%clk
1:26:50]} 8. Bg5 {[%clk 1:29:57]} Be6 {[%clk 1:23:38]} 9. O-O {[%clk 1:29:07]} h6
{[%clk 1:13:06]} 10. Bh4 {[%clk 1:27:45]} g5 {[%clk 1:09:30]} 11. Bg3 {[%clk
1:28:10]} h5 {[%clk 1:08:00]} 12. f4 {[%clk 1:18:24]} h4 {[%clk 1:00:04]} 13. Be1
{[%clk 1:11:53]} g4 {[%clk 0:53:20]} 14. Qe2 {[%clk 0:44:47]} g3 {[%clk 0:46:07]}
15. h3 {[%clk 0:41:00]} Bc5+ {[%clk 0:43:20]} 16. Kh1 {[%clk 0:38:57]} Rg8 {[%clk
0:39:26]} 17. f5 {[%clk 0:38:31]} Bd7 {[%clk 0:38:42]} 18. Bd2 {[%clk 0:24:52]}
Qe7 {[%clk 0:36:12]} 19. Qf3 {[%clk 0:22:10]} Rb8 {[%clk 0:31:24]} 20. b3 {[%clk
0:21:29]} Bd4 {[%clk 0:31:23]} 21. Rae1 {[%clk 0:20:46]} Be5 {[%clk 0:30:38]} 22.
Qe3 {[%clk 0:19:39]} c5 {[%clk 0:25:27]} 23. Qh6 {[%clk 0:18:45]} Kd8 {[%clk
0:23:30]} 24. Ne2 {[%clk 0:13:41]} Ne8 {[%clk 0:22:31]} 25. Bc3 {[%clk 0:03:44]}
Bxc3 {[%clk 0:20:11]} 26. Nxc3 {[%clk 0:10:56]} Qf6 {[%clk 0:19:51]} 27. Qd2
{[%clk 0:10:46]} c6 {[%clk 0:19:12]} 28. Bc4 {[%clk 0:10:42]} Nc7 {[%clk
0:18:19]} 29. Rd1 {[%clk 0:08:27]} Ke7 {[%clk 0:17:50]} 30. Rfe1 {[%clk 0:07:00]}
Qe5 {[%clk 0:17:35]} 31. Qh6 {[%clk 0:02:44]} Rh8 {[%clk 0:17:34]} 32. Qg5+
{[%clk 0:02:18]} Kf8 {[%clk 0:17:10]} 33. Nb1 {[%clk 0:01:26]} Ne6 {[%clk
0:14:55]} 34. Qd2 {[%clk 0:01:19]} Nd4 {[%clk 0:14:58]} 35. c3 {[%clk 0:01:08]}
Nb5 {[%clk 0:14:47]} 36. a4 {[%clk 0:01:19]} Nc7 {[%clk 0:14:51]} 37. Qxd6+
{[%clk 0:01:37]} Qxd6 {[%clk 0:15:19]} 38. Rxd6 {[%clk 0:02:06]} Ke7 {[%clk
0:15:32]} 39. Red1 {[%clk 0:01:55]} Rbd8 {[%clk 0:15:40]} 40. f6+ {[%clk
0:01:42]} Ke8 {[%clk 0:15:48]} 41. Bxf7+ {[%clk 0:00:44]} Kxf7 {[%clk 0:16:04]}
42. Rxd7+ {[%clk 0:01:06]} Rxd7 {[%clk 0:16:22]} 43. Rxd7+ {[%clk 0:01:27]} Kxf6
{[%clk 0:16:44]} 44. Nd2 {[%clk 0:00:38]} Ne6 {[%clk 0:16:48]} 45. Nf3 {[%clk
0:00:35]} a5 {[%clk 0:16:36]} 46. Kg1 {[%clk 0:00:33]} Nf4 {[%clk 0:15:58]} 47.
e5+ {[%clk 0:00:41]} Ke6 {[%clk 0:16:09]} 48. Rd6+ {[%clk 0:00:57]} Ke7 {[%clk
0:16:37]} 49. Kf1 {[%clk 0:00:43]} Rb8 {[%clk 0:16:34]} 50. Nd2 {[%clk 0:00:35]}
Rf8 {[%clk 0:16:36]} 51. Rf6 {[%clk 0:00:32]} Rxf6 {[%clk 0:16:57]} 52. exf6+
{[%clk 0:01:00]} Kxf6 {[%clk 0:17:06]} 53. Ne4+ {[%clk 0:01:01]} Ke5 {[%clk
0:17:19]} 54. Nxc5 {[%clk 0:01:25]} Nd5 {[%clk 0:16:41]} 55. c4 {[%clk 0:00:35]}
Ne3+ {[%clk 0:16:44]} 56. Kg1 {[%clk 0:00:37]} Kd4 {[%clk 0:16:09]} 57. Nb7
{[%clk 0:00:49]} Kc3 {[%clk 0:16:23]} 58. Nxa5 {[%clk 0:00:42]} Kb4 {[%clk
0:16:40]} 59. Nxc6+ {[%clk 0:00:57]} Kxb3 {[%clk 0:16:59]} 60. a5 {[%clk
0:00:41]} Nxc4 {[%clk 0:17:04]} 61. a6 {[%clk 0:00:36]} Nb6 {[%clk 0:17:25]} 62.
a7 {[%clk 0:00:34]} Na8 {[%clk 0:17:10]} 63. Kf1 {[%clk 0:00:52]} Kc4 {[%clk
0:17:38]} 64. Ne5+ {[%clk 0:00:43]} Kb5 {[%clk 0:17:58]} 65. Ng6 {[%clk 0:00:51]}
Ka6 {[%clk 0:18:15]} 66. Nxh4 {[%clk 0:01:18]} Kxa7 {[%clk 0:18:40]} 67. Nf5
{[%clk 0:01:40]} Kb7 {[%clk 0:18:55]} 68. Nxg3 {[%clk 0:01:47]} Kc7 {[%clk
0:19:17]} 69. Nf5 {[%clk 0:01:33]} Kd7 {[%clk 0:19:34]} 70. h4 {[%clk 0:01:12]}
Ke6 {[%clk 0:19:41]} 71. g4 {[%clk 0:01:21]} Kf6 {[%clk 0:19:45]} 72. Kg2 {[%clk
0:01:02]} Nc7 {[%clk 0:20:00]} 73. Kf3 {[%clk 0:00:58]} Ne6 {[%clk 0:20:07]} 74.
Ne3 {[%clk 0:00:45]} Ng7 {[%clk 0:18:56]} 75. Ke4 {[%clk 0:00:49]} Kg6 {[%clk
0:17:37]} 76. Ke5 {[%clk 0:00:33]} Ne8 {[%clk 0:17:28]} 77. Nd5 {[%clk 0:00:34]}
Ng7 {[%clk 0:16:21]} 78. Ne7+ {[%clk 0:00:52]} Kh7 {[%clk 0:16:25]} 79. g5 {[%clk
0:00:31]} Nh5 {[%clk 0:16:07]} 80. Nf5 {[%clk 0:00:40]} Kg6 {[%clk 0:15:49]} 81.
Ne7+ {[%clk 0:00:39]} Kg7 {[%clk 0:16:03]} 82. Nd5 {[%clk 0:00:33]} Kf7 {[%clk
0:15:06]} 83. Nf4 {[%clk 0:00:42]} Ng7 {[%clk 0:12:21]} 84. h5 {[%clk 0:00:33]}
Ne8 {[%clk 0:11:43]} 85. h6 {[%clk 0:00:32]} Kg8 {[%clk 0:11:47]} 86. Nh5 {[%clk
0:00:37]} Kh8 {[%clk 0:11:08]} 87. Nf6 {[%clk 0:00:39]} Nc7 {[%clk 0:10:53]} 88.
g6 {[%clk 0:00:31]} Ne6 {[%clk 0:10:57]} 89. Ne8 {[%clk 0:00:32]} Ng5 {[%clk
0:10:41]} 90. g7+ {[%clk 0:00:48]} Kh7 {[%clk 0:10:08]} 91. Nf6+ {[%clk 0:01:11]}
Kxh6 {[%clk 0:10:24]} 92. g8Q {[%clk 0:01:30]} 1-0

[Event "U12-U20 French Championships"]
[Site "chess24.com"]
[Date "2019.04.14"]
[Round "1"]
[White "Ateba, Melissandre"]
[Black "Bellahcene, Sofia"]
[Result "0-1"]
[Board "34"]
[WhiteElo "1231"]
[WhiteCountry "FRA"]
[WhiteFideId "36075728"]
[WhiteEloChange "-2"]
[BlackElo "1673"]
[BlackCountry "FRA"]
[BlackFideId "26075954"]
[BlackEloChange "2"]

1. e4 {[%clk 1:30:58]} c5 {[%clk 1:30:22]} 2. c3 {[%clk 1:31:22]} d5 {[%clk
1:30:33]} 3. exd5 {[%clk 1:31:21]} Qxd5 {[%clk 1:30:40]} 4. d4 {[%clk 1:31:02]}
Nf6 {[%clk 1:30:00]} 5. Nf3 {[%clk 1:30:34]} Nc6 {[%clk 1:29:44]} 6. Be3 {[%clk
1:28:51]} cxd4 {[%clk 1:29:20]} 7. cxd4 {[%clk 1:27:59]} e6 {[%clk 1:27:27]} 8.
Be2 {[%clk 1:24:26]} Be7 {[%clk 1:26:58]} 9. O-O {[%clk 1:23:43]} a6 {[%clk
1:26:08]} 10. Nc3 {[%clk 1:21:18]} Qd6 {[%clk 1:25:10]} 11. Rc1 {[%clk 1:17:38]}
O-O {[%clk 1:24:14]} 12. Qb3 {[%clk 1:12:47]} Rd8 {[%clk 1:22:56]} 13. Rfd1
{[%clk 1:10:48]} b5 {[%clk 1:18:56]} 14. Qc2 {[%clk 1:03:39]} Bb7 {[%clk
1:17:04]} 15. a3 {[%clk 0:54:25]} Rac8 {[%clk 1:15:52]} 16. b4 {[%clk 0:52:37]}
Bf8 {[%clk 1:07:05]} 17. Qb3 {[%clk 0:46:11]} Ne7 {[%clk 1:06:06]} 18. a4 {[%clk
0:34:32]} bxa4 {[%clk 1:02:40]} 19. Nxa4 {[%clk 0:33:31]} Bd5 {[%clk 0:59:53]}
20. Qb2 {[%clk 0:28:10]} Rb8 {[%clk 0:56:47]} 21. Bd2 {[%clk 0:26:42]} Ne4 {[%clk
0:52:21]} 22. Be1 {[%clk 0:26:19]} Nc6 {[%clk 0:50:18]} 23. b5 {[%clk 0:20:06]}
axb5 {[%clk 0:49:13]} 24. Bxb5 {[%clk 0:19:38]} Na7 {[%clk 0:48:26]} 25. Nc3
{[%clk 0:12:20]} Nxc3 {[%clk 0:47:51]} 26. Qxc3 {[%clk 0:12:11]} Nxb5 {[%clk
0:47:24]} 27. Qd3 {[%clk 0:11:08]} Na3 {[%clk 0:45:56]} 28. Ba5 {[%clk 0:07:58]}
Rb3 {[%clk 0:45:09]} 29. Rc3 {[%clk 0:07:10]} Rxc3 {[%clk 0:42:38]} 30. Qxc3
{[%clk 0:07:27]} Rb8 {[%clk 0:39:29]} 31. Bc7 {[%clk 0:05:55]} Nb5 {[%clk
0:39:48]} 32. Bxd6 {[%clk 0:04:08]} Nxc3 {[%clk 0:40:12]} 33. Bxb8 {[%clk
0:04:02]} Nxd1 {[%clk 0:40:35]} 34. Nd2 {[%clk 0:03:25]} Bb4 {[%clk 0:40:25]} 35.
Nf1 {[%clk 0:03:26]} Be1 {[%clk 0:40:30]} 36. Bg3 {[%clk 0:03:31]} Bc3 {[%clk
0:40:48]} 37. Be5 {[%clk 0:03:42]} f6 {[%clk 0:41:11]} 38. Bf4 {[%clk 0:03:45]}
Bxd4 {[%clk 0:41:21]} 39. Bg3 {[%clk 0:03:19]} g5 {[%clk 0:40:45]} 40. h4 {[%clk
0:03:32]} g4 {[%clk 0:40:41]} 41. Nh2 {[%clk 0:03:45]} f5 {[%clk 0:40:50]} 42.
Kf1 {[%clk 0:03:55]} e5 {[%clk 0:41:03]} 43. f3 {[%clk 0:03:59]} f4 {[%clk
0:40:54]} 44. Be1 {[%clk 0:04:06]} Ne3+ {[%clk 0:41:14]} 45. Ke2 {[%clk 0:04:02]}
g3 {[%clk 0:41:36]} 46. Ng4 {[%clk 0:04:01]} Nxg4 {[%clk 0:42:01]} 47. fxg4
{[%clk 0:04:08]} Bxg2 {[%clk 0:42:07]} 48. g5 {[%clk 0:03:58]} Kg7 {[%clk
0:42:25]} 49. h5 {[%clk 0:04:23]} h6 {[%clk 0:42:38]} 50. g6 {[%clk 0:04:27]} e4
{[%clk 0:43:06]} 51. Bd2 {[%clk 0:04:27]} Bf3+ {[%clk 0:43:31]} 52. Kf1 {[%clk
0:04:31]} g2+ {[%clk 0:43:58]} 53. Ke1 {[%clk 0:04:38]} g1Q# {[%clk 0:40:24]} 0-1

[Event "U12-U20 French Championships"]
[Site "chess24.com"]
[Date "2019.04.14"]
[Round "1"]
[White "Maurizzi, Marc Andria"]
[Black "Gachon, Alban"]
[Result "1-0"]
[Board "35"]
[WhiteTitle "FM"]
[WhiteElo "2276"]
[WhiteCountry "FRA"]
[WhiteFideId "36083534"]
[WhiteEloChange "2"]
[BlackElo "1543"]
[BlackCountry "FRA"]
[BlackFideId "36040010"]
[BlackEloChange "-2"]

1. e4 {[%clk 1:30:57]} e5 {[%clk 1:30:52]} 2. Nf3 {[%clk 1:31:23]} Nc6 {[%clk
1:31:05]} 3. Bc4 {[%clk 1:31:43]} Bc5 {[%clk 1:30:57]} 4. O-O {[%clk 1:31:56]}
Nf6 {[%clk 1:30:47]} 5. d3 {[%clk 1:32:12]} O-O {[%clk 1:30:18]} 6. c3 {[%clk
1:32:16]} d6 {[%clk 1:30:10]} 7. a4 {[%clk 1:31:40]} a5 {[%clk 1:30:07]} 8. Bg5
{[%clk 1:31:25]} Bg4 {[%clk 1:26:59]} 9. Nbd2 {[%clk 1:30:35]} h6 {[%clk
1:25:36]} 10. Bh4 {[%clk 1:30:54]} Bb6 {[%clk 1:20:05]} 11. h3 {[%clk 1:21:20]}
Be6 {[%clk 1:18:09]} 12. Kh1 {[%clk 1:07:02]} Qe7 {[%clk 1:14:36]} 13. Bb3 {[%clk
0:55:55]} Rad8 {[%clk 1:12:02]} 14. Nc4 {[%clk 0:55:55]} Ba7 {[%clk 1:10:39]} 15.
Ne3 {[%clk 0:54:58]} Bxe3 {[%clk 1:08:10]} 16. fxe3 {[%clk 0:54:45]} Nb8 {[%clk
1:07:23]} 17. d4 {[%clk 0:49:47]} Bxb3 {[%clk 1:06:02]} 18. Qxb3 {[%clk 0:50:13]}
b6 {[%clk 1:06:16]} 19. Bxf6 {[%clk 0:49:41]} Qxf6 {[%clk 1:03:45]} 20. Nxe5
{[%clk 0:50:02]} Qe7 {[%clk 1:03:37]} 21. Ng6 {[%clk 0:50:09]} Qxe4 {[%clk
1:02:00]} 22. Nxf8 {[%clk 0:50:35]} Rxf8 {[%clk 1:02:21]} 23. Qc4 {[%clk
0:49:30]} c5 {[%clk 1:02:10]} 24. Rf3 {[%clk 0:48:15]} Nd7 {[%clk 1:01:57]} 25.
Qb5 {[%clk 0:48:03]} Rd8 {[%clk 1:01:38]} 26. Raf1 {[%clk 0:48:16]} f6 {[%clk
1:01:49]} 27. dxc5 {[%clk 0:46:49]} Nxc5 {[%clk 1:01:33]} 28. Qxb6 {[%clk
0:47:09]} Nb7 {[%clk 1:01:39]} 29. Rf4 {[%clk 0:47:19]} Qd5 {[%clk 1:01:51]} 30.
Rd4 {[%clk 0:46:46]} Qf7 {[%clk 1:01:58]} 31. b4 {[%clk 0:46:25]} axb4 {[%clk
1:02:01]} 32. cxb4 {[%clk 0:46:09]} Qd7 {[%clk 1:02:14]} 33. a5 {[%clk 0:46:24]}
Ra8 {[%clk 1:01:31]} 34. a6 {[%clk 0:46:35]} Nd8 {[%clk 1:01:47]} 35. Rxd6 {[%clk
0:46:23]} Qe7 {[%clk 1:00:51]} 36. a7 {[%clk 0:45:45]} Nb7 {[%clk 1:00:36]} 37.
Rc6 {[%clk 0:45:48]} Nd8 {[%clk 1:00:04]} 38. Rc7 {[%clk 0:46:10]} Qe4 {[%clk
0:59:49]} 39. Qb8 {[%clk 0:46:15]} Kh7 {[%clk 0:59:08]} 40. Rc8 {[%clk 0:46:35]}
Qd3 {[%clk 0:58:00]} 41. Rg1 {[%clk 0:46:42]} Rxb8 {[%clk 0:57:41]} 42. axb8Q
{[%clk 0:46:58]} Ne6 {[%clk 0:57:47]} 43. Rh8+ {[%clk 0:47:16]} Kg6 {[%clk
0:58:12]} 44. Qe8+ {[%clk 0:47:41]} Kg5 {[%clk 0:58:33]} 45. Qxe6 {[%clk
0:48:04]} h5 {[%clk 0:58:34]} 46. h4+ {[%clk 0:48:16]} Kg6 {[%clk 0:58:40]} 47.
Qe8+ {[%clk 0:48:33]} Kf5 {[%clk 0:58:55]} 48. g4+ {[%clk 0:48:38]} hxg4 {[%clk
0:58:58]} 49. Rh5+ {[%clk 0:49:04]} g5 {[%clk 0:59:22]} 50. Qc8+ {[%clk 0:48:32]}
Kg6 {[%clk 0:58:50]} 51. Qxg4 {[%clk 0:48:43]} Qd5+ {[%clk 0:58:57]} 52. e4
{[%clk 0:49:06]} Qd3 {[%clk 0:58:55]} 53. Qf5+ {[%clk 0:49:20]} Kg7 {[%clk
0:59:04]} 54. Rgxg5+ {[%clk 0:01:37]} 1-0

[Event "U12-U20 French Championships"]
[Site "chess24.com"]
[Date "2019.04.14"]
[Round "1"]
[White "Makkar, Rajat"]
[Black "Pitaval, Lubin"]
[Result "1-0"]
[Board "37"]
[WhiteTitle "CM"]
[WhiteElo "2147"]
[WhiteCountry "FRA"]
[WhiteFideId "36016810"]
[WhiteEloChange "2"]
[BlackElo "1540"]
[BlackCountry "FRA"]
[BlackFideId "36083852"]
[BlackEloChange "-2"]

1. d4 {[%clk 1:30:47]} f5 {[%clk 1:30:40]} 2. Nc3 {[%clk 1:31:00]} Nf6 {[%clk
1:30:46]} 3. Bg5 {[%clk 1:31:06]} e6 {[%clk 1:30:40]} 4. e4 {[%clk 1:31:13]} fxe4
{[%clk 1:29:12]} 5. Nxe4 {[%clk 1:31:20]} Be7 {[%clk 1:29:00]} 6. Bxf6 {[%clk
1:31:29]} Bxf6 {[%clk 1:28:44]} 7. Nf3 {[%clk 1:31:16]} O-O {[%clk 1:24:28]} 8.
Bd3 {[%clk 1:30:31]} Nc6 {[%clk 1:22:00]} 9. c3 {[%clk 1:29:57]} b6 {[%clk
1:20:47]} 10. Qc2 {[%clk 1:29:16]} g6 {[%clk 1:18:16]} 11. h4 {[%clk 1:28:30]} d5
{[%clk 1:17:19]} 12. Neg5 {[%clk 1:25:56]} e5 {[%clk 1:09:12]} 13. Bxg6 {[%clk
1:25:37]} e4 {[%clk 1:05:34]} 14. Bxh7+ {[%clk 1:24:39]} Kg7 {[%clk 1:05:12]} 15.
O-O-O {[%clk 1:22:09]} Ne7 {[%clk 1:01:44]} 16. Ne5 {[%clk 1:16:59]} Bxg5+ {[%clk
0:58:17]} 17. hxg5 {[%clk 1:15:26]} Rh8 {[%clk 0:56:19]} 18. g6 {[%clk 1:15:36]}
Be6 {[%clk 0:52:59]} 19. Qd2 {[%clk 1:13:53]} Ng8 {[%clk 0:47:27]} 20. Bxg8
{[%clk 0:01:30]} Qxg8 {[%clk 0:47:40]} 21. Qg5 {[%clk 1:13:12]} Re8 {[%clk
0:47:09]} 22. Rh7+ {[%clk 1:13:31]} Rxh7 {[%clk 0:43:56]} 23. gxh7+ {[%clk
1:13:56]} Kf8 {[%clk 0:43:23]} 24. hxg8Q+ {[%clk 1:13:58]} Bxg8 {[%clk 0:43:42]}
25. Qf6+ {[%clk 1:14:25]} Bf7 {[%clk 0:44:02]} 26. Qxf7# {[%clk 1:14:49]} 1-0

[Event "U12-U20 French Championships"]
[Site "chess24.com"]
[Date "2019.04.15"]
[Round "2"]
[White "Grataloup, Quentin"]
[Black "Laurent-Paoli, Pierre"]
[Result "1/2-1/2"]
[Board "1"]
[WhiteElo "1972"]
[WhiteCountry "FRA"]
[WhiteFideId "36008249"]
[WhiteEloChange "8"]
[BlackTitle "FM"]
[BlackElo "2352"]
[BlackCountry "FRA"]
[BlackFideId "26017962"]
[BlackEloChange "-8"]

1. e4 {[%clk 1:30:55]} Nc6 {[%clk 1:30:50]} 2. d4 {[%clk 1:30:23]} d5 {[%clk
1:31:17]} 3. e5 {[%clk 1:29:42]} f6 {[%clk 1:31:43]} 4. f4 {[%clk 1:24:46]} Nh6
{[%clk 1:32:09]} 5. Nf3 {[%clk 1:24:00]} Bf5 {[%clk 1:32:14]} 6. Be2 {[%clk
1:22:22]} e6 {[%clk 1:32:17]} 7. c3 {[%clk 1:17:25]} Be7 {[%clk 1:32:26]} 8. Nbd2
{[%clk 1:14:01]} O-O {[%clk 1:32:39]} 9. O-O {[%clk 1:12:40]} Qe8 {[%clk
1:27:37]} 10. Qe1 {[%clk 1:11:03]} a5 {[%clk 1:18:29]} 11. a4 {[%clk 1:03:17]}
fxe5 {[%clk 0:58:51]} 12. Nxe5 {[%clk 1:00:55]} Nxe5 {[%clk 0:52:29]} 13. fxe5
{[%clk 1:00:09]} Qg6 {[%clk 0:48:55]} 14. Nf3 {[%clk 1:00:07]} c5 {[%clk
0:42:47]} 15. Nh4 {[%clk 0:56:03]} Bxh4 {[%clk 0:42:04]} 16. Qxh4 {[%clk
0:56:18]} Be4 {[%clk 0:41:32]} 17. Qg5 {[%clk 0:53:14]} Rxf1+ {[%clk 0:39:45]}
18. Bxf1 {[%clk 0:53:07]} cxd4 {[%clk 0:34:10]} 19. cxd4 {[%clk 0:44:56]} Nf5
{[%clk 0:33:39]} 20. Qxg6 {[%clk 0:41:42]} hxg6 {[%clk 0:34:02]} 21. Bd2 {[%clk
0:41:29]} Nxd4 {[%clk 0:34:16]} 22. Bc3 {[%clk 0:41:27]} Nc2 {[%clk 0:28:11]} 23.
Rc1 {[%clk 0:38:47]} d4 {[%clk 0:26:06]} 24. Bd2 {[%clk 0:38:13]} d3 {[%clk
0:25:57]} 25. Bc3 {[%clk 0:36:42]} b6 {[%clk 0:25:01]} 26. Rd1 {[%clk 0:36:08]}
Rd8 {[%clk 0:21:34]} 27. Rd2 {[%clk 0:34:31]} Ne3 {[%clk 0:19:25]} 28. Kf2 {[%clk
0:33:50]} Nxf1 {[%clk 0:19:49]} 29. Kxf1 {[%clk 0:34:13]} Bc6 {[%clk 0:19:25]}
30. b3 {[%clk 0:29:24]} Bd5 {[%clk 0:13:38]} 31. Rb2 {[%clk 0:26:44]} Rc8 {[%clk
0:08:18]} 32. Bd4 {[%clk 0:25:21]} Rc2 {[%clk 0:05:24]} 33. Ke1 {[%clk 0:24:48]}
Rc6 {[%clk 0:01:49]} 34. Kd2 {[%clk 0:23:41]} Be4 {[%clk 0:02:15]} 35. Ke3 {[%clk
0:23:47]} Bf5 {[%clk 0:02:18]} 36. g4 {[%clk 0:23:46]} Bxg4 {[%clk 0:02:45]} 37.
Kxd3 {[%clk 0:23:58]} Bf5+ {[%clk 0:03:09]} 38. Ke3 {[%clk 0:24:16]} g5 {[%clk
0:02:35]} 39. Kd2 {[%clk 0:20:56]} g4 {[%clk 0:02:43]} 40. Bc3 {[%clk 0:20:47]}
Rc5 {[%clk 0:02:08]} 41. Bd4 {[%clk 0:20:32]} Rd5 {[%clk 0:01:27]} 42. Kc3 {[%clk
0:20:00]} b5 {[%clk 0:01:48]} 43. axb5 {[%clk 0:20:20]} Rxb5 {[%clk 0:02:15]} 44.
b4 {[%clk 0:20:14]} axb4+ {[%clk 0:02:35]} 45. Rxb4 {[%clk 0:20:37]} Ra5 {[%clk
0:02:59]} 46. Rb2 {[%clk 0:17:55]} Kh7 {[%clk 0:03:05]} 47. Kb4 {[%clk 0:17:45]}
Ra8 {[%clk 0:03:12]} 48. Bf2 {[%clk 0:17:27]} Kg6 {[%clk 0:03:17]} 49. Bg3 {[%clk
0:17:38]} Rc8 {[%clk 0:03:04]} 50. Rd2 {[%clk 0:17:53]} Rc7 {[%clk 0:03:03]} 51.
Rd6 {[%clk 0:16:58]} Kg5 {[%clk 0:03:02]} 52. Rd8 {[%clk 0:16:04]} Be4 {[%clk
0:03:02]} 53. Rf8 {[%clk 0:16:14]} Bd5 {[%clk 0:03:00]} 54. Kb5 {[%clk 0:15:56]}
Rc3 {[%clk 0:02:38]} 55. Bf4+ {[%clk 0:15:23]} Kh5 {[%clk 0:02:30]} 56. Bg3
{[%clk 0:15:34]} Rf3 {[%clk 0:01:18]} 57. Rg8 {[%clk 0:11:40]} Kg6 {[%clk
0:01:08]} 58. Kc5 {[%clk 0:11:48]} Rf7 {[%clk 0:01:27]} 59. Kd4 {[%clk 0:11:43]}
Kf5 {[%clk 0:01:32]} 60. Rd8 {[%clk 0:11:52]} Rc7 {[%clk 0:01:24]} 61. Rf8+
{[%clk 0:12:12]} Kg5 {[%clk 0:01:40]} 62. Ke3 {[%clk 0:12:10]} Rc3+ {[%clk
0:02:06]} 63. Kd2 {[%clk 0:11:51]} Ra3 {[%clk 0:02:27]} 64. Ke2 {[%clk 0:12:09]}
Be4 {[%clk 0:02:39]} 65. Kd2 {[%clk 0:12:12]} Rd3+ {[%clk 0:02:05]} 66. Ke2
{[%clk 0:12:21]} Rd7 {[%clk 0:02:29]} 67. Ke3 {[%clk 0:12:40]} Bf5 {[%clk
0:02:49]} 68. Bf4+ {[%clk 0:12:34]} Kh5 {[%clk 0:03:11]} 69. Bg3 {[%clk 0:12:58]}
Rd3+ {[%clk 0:03:14]} 70. Ke2 {[%clk 0:13:17]} Rd7 {[%clk 0:03:19]} 71. Ke3
{[%clk 0:13:26]} Kg6 {[%clk 0:03:42]} 72. Ke2 {[%clk 0:13:28]} Kh7 {[%clk
0:04:05]} 73. Bh4 {[%clk 0:12:48]} Rc7 {[%clk 0:04:30]} 74. Bg3 {[%clk 0:13:02]}
g5 {[%clk 0:04:18]} 75. Rd8 {[%clk 0:13:14]} Kg7 {[%clk 0:04:26]} 76. Ke3 {[%clk
0:13:12]} Kf7 {[%clk 0:04:06]} 77. Ke2 {[%clk 0:13:24]} Ke7 {[%clk 0:03:55]} 78.
Rd4 {[%clk 0:12:38]} Ra7 {[%clk 0:04:03]} 79. Kd2 {[%clk 0:12:24]} Ra3 {[%clk
0:04:15]} 80. Ke2 {[%clk 0:12:40]} Ra8 {[%clk 0:03:45]} 81. Kd2 {[%clk 0:12:51]}
Kf7 {[%clk 0:04:05]} 82. Rd7+ {[%clk 0:13:04]} Kg6 {[%clk 0:04:31]} 83. Re7
{[%clk 0:12:50]} Ra6 {[%clk 0:04:19]} 84. Re8 {[%clk 0:12:38]} Kf7 {[%clk
0:04:46]} 85. Rd8 {[%clk 0:12:47]} Be4 {[%clk 0:04:42]} 86. Ke3 {[%clk 0:12:52]}
Bd5 {[%clk 0:05:04]} 87. Rd7+ {[%clk 0:12:45]} Kg6 {[%clk 0:05:30]} 88. Rd8
{[%clk 0:12:46]} Ra3+ {[%clk 0:05:40]} 89. Kd4 {[%clk 0:13:01]} Ra4+ {[%clk
0:04:29]} 90. Ke3 {[%clk 0:13:09]} Kf7 {[%clk 0:03:40]} 91. Rd7+ {[%clk 0:13:23]}
Ke8 {[%clk 0:03:55]} 92. Rg7 {[%clk 0:12:37]} Kd8 {[%clk 0:04:20]} 93. Kd3 {[%clk
0:12:29]} Bc6 {[%clk 0:04:16]} 94. Ke3 {[%clk 0:12:19]} Kc8 {[%clk 0:04:32]} 95.
Kd3 {[%clk 0:11:38]} Bd7 {[%clk 0:04:47]} 96. Rxg5 {[%clk 0:11:44]} Kc7 {[%clk
0:05:10]} 97. Bf2 {[%clk 0:10:40]} Bb5+ {[%clk 0:04:48]} 98. Kc3 {[%clk 0:09:47]}
Kc6 {[%clk 0:05:01]} 99. Bg3 {[%clk 0:09:26]} Kd5 {[%clk 0:05:00]} 100. Rg7
{[%clk 0:08:52]} Be2 {[%clk 0:03:01]} 101. Rf7 {[%clk 0:08:45]} Ra3+ {[%clk
0:01:53]} 102. Kd2 {[%clk 0:08:54]} Ra2+ {[%clk 0:01:10]} 103. Ke3 {[%clk
0:09:05]} Bb5 {[%clk 0:00:55]} 104. Kf4 {[%clk 0:08:36]} Ra4+ {[%clk 0:00:47]}
1/2-1/2